Collective memory and political change - the Hungarians and the Slovaks in the former half of the 20th century
Rozbor politických a národnostných vzťahov medzi Slovenskom a Maďarskom počas uplynulého storočia, predovšetkým medzi dvoma vojnami. Rok 1918 ako "bod nula" vo vývoji slovensko-maďarských vzťahov. Reakcie národností po rozdelení Rakúsko-Uhorska na náhlu "menšinovosť". Povojnový a súčasný vývoj národ...
Gespeichert in:
| 1. Verfasser: | |
|---|---|
| Format: | Buchkapitel |
| Sprache: | Englisch |
| Schlagworte: | |
| Tags: |
Keine Tags, Fügen Sie das erste Tag hinzu!
|
MARC
| LEADER | 00000naa$a2200000$$$4500 | ||
|---|---|---|---|
| 001 | 0057450 | ||
| 005 | 20231009111903.4 | ||
| 041 | 0 | |a eng | |
| 044 | |a SK | ||
| 245 | 1 | 0 | |a Collective memory and political change - the Hungarians and the Slovaks in the former half of the 20th century |c Miroslav Michela |
| 520 | |a Rozbor politických a národnostných vzťahov medzi Slovenskom a Maďarskom počas uplynulého storočia, predovšetkým medzi dvoma vojnami. Rok 1918 ako "bod nula" vo vývoji slovensko-maďarských vzťahov. Reakcie národností po rozdelení Rakúsko-Uhorska na náhlu "menšinovosť". Povojnový a súčasný vývoj národnostných vzťahov. | ||
| 610 | 2 | 0 | |a vzťahy medzinárodné |
| 610 | 2 | 0 | |a vzťahy politické medzinárodné |
| 610 | 2 | 0 | |a politika národnostná |
| 610 | 2 | 0 | |a národnosti |
| 610 | 2 | 0 | |a menšiny národnostné |
| 610 | 2 | 0 | |a história |
| 610 | 2 | 0 | |a Slovensko |
| 610 | 2 | 0 | |a Maďarsko |
| 610 | 2 | 0 | |a vojny |
| 610 | 2 | 0 | |a nacionalizmus |
| 100 | 1 | |a Michela, Miroslav | |